South-East European Cooperation Process - Statistics

General Stats
  • This quiz has been taken 39 times
  • The average score is 12 of 13
Answer Stats
Answer % Correct
Albania
100%
Bosnia and Herzegovina
100%
Bulgaria
100%
Croatia
100%
Greece
100%
Kosovo
100%
Montenegro
97%
North Macedonia
97%
Romania
97%
Serbia
97%
Slovenia
97%
Turkey
87%
Moldova
77%
No matching quizzes found
Score Distribution
Percent of People with Each Score
Percentile by Number Answered
Your Score History
You have not taken this quiz